| 000 | 00654nam a22002297a 4500 | ||
|---|---|---|---|
| 005 | 20170124105951.0 | ||
| 010 | _aA-583074 | ||
| 020 | _c00.00 | ||
| 035 | _aA-583074 | ||
| 037 | _bCen Lib/Ret | ||
| 040 |
_aDPL _bEN |
||
| 082 |
_a332.7 _bSUN |
||
| 100 |
_aSuneja, H.R. _913575 |
||
| 245 |
_aManagement of bank credit / _cby H.R. Suneja |
||
| 260 |
_aBombay _bHimalaya Publishing House _c1992 |
||
| 270 |
_bBombay _aBhalerao marg, girgaon _e400004 |
||
| 300 |
_axviii, 792p. _c21cm(Hb) |
||
| 500 | _aIncludes index | ||
| 650 |
_aEconomics _913576 |
||
| 650 |
_aBanking management _913577 |
||
| 942 |
_2ddc _cEN _h332.7 _mSUN |
||
| 999 |
_c125275 _d125275 |
||